Le Jeu en Étoile : Études et Essais

Guardado en:
Bibliografiske detaljer
Hovedforfatter: Major, Jean-Louis
Format: Bog
Sprog:Undetermined
Udgivet: Ottawa, Canadá Editions de L´Université d´Ottawa 1978
Fag:
Tags: Tilføj Tag
Ingen Tags, Vær først til at tagge denne postø!

MARC

LEADER 00000nam a2200000Ia 4500
008 170316s9999 xx 000 0 und d
040 |a cru BVZT 
090 |a 818 M-6.1j 
100 |a Major, Jean-Louis 
245 |a Le Jeu en Étoile : Études et Essais 
260 |a Ottawa, Canadá 
260 |b Editions de L´Université d´Ottawa 
260 |c 1978 
300 |a 189 páginas 
650 |a LITERATURA CANADIENSE 
999 |c 6592  |d 6592 
942 |c 15 D  |h 818 M-6.1j  |2 z